[Event "Arco op 36th"]
[Site "Arco"]
[Date "2014.10.05"]
[Round "2"]
[White "Al Hajiri, Bader"]
[Black "Sprea, Giuseppe"]
[Result "1/2-1/2"]
[WhiteElo "2130"]
[BlackElo "1938"]
[PlyCount "92"]
[EventDate "2014.10.04"]
[EventType "swiss"]
[EventRounds "9"]
[EventCountry "ITA"]
[SourceTitle "CBM 162 Extra"]
[Source "ChessBase"]
[SourceDate "2014.10.17"]
[SourceVersion "1"]
[SourceVersionDate "2014.10.17"]
[SourceQuality "1"]

1. e4 c5 2. Nf3 Nc6 3. d4 cxd4 4. Nxd4 e6 5. Nc3 Qc7 6. Be2 Nf6 7. 0-0 Nxd4 8. Qxd4 Bc5 9. Qc4 a6 10. Be3 Bb6 11. Qxc7 Bxc7 12. Rfd1 d6 13. Bf4 Ke7 14. a4 b6 15. Bf3 Rb8 16. Rd2 h6 17. Rad1 e5 18. Bg3 Bb7 19. Be2 Rhd8 20. f3 Rd7 21. Bc4 Ra8 22. Nd5+ Bxd5 23. Bxd5 Nxd5 24. Rxd5 f6 25. c4 Rb8 26. b4 a5 27. bxa5 bxa5 28. Bf2 Rdd8 29. Rb5 Rdc8 30. Rdb1 Kd7 31. Ba7 Ra8 32. Rb7 Kc6 33. Kf1 g6 34. R1b5 f5 35. Be3 fxe4 36. fxe4 Rcb8 37. Rxb8 Rxb8 38. Rxb8 Bxb8 39. Ke2 h5 40. Kd3 Bc7 41. Bd2 Bd8 42. Bc1 Bh4 43. g3 Bd8 44. Be3 g5 45. h3 g4 46. h4 Bb6 1/2-1/2

[Event "Verona Province-ch"]
[Site "Zevio Verona"]
[Date "2014.01.26"]
[Round "6"]
[White "Rizzati, Aldo"]
[Black "Sprea, Giuseppe"]
[Result "0-1"]
[WhiteElo "1908"]
[BlackElo "1915"]
[PlyCount "46"]
[EventDate "2014.01.18"]
[EventType "swiss"]
[EventRounds "6"]
[EventCountry "ITA"]
[SourceTitle "EXT 2015"]
[Source "ChessBase"]
[SourceDate "2014.11.20"]
[SourceVersion "1"]
[SourceVersionDate "2014.11.20"]
[SourceQuality "1"]

1. e4 c5 2. Nf3 Nc6 3. d4 cxd4 4. Nxd4 e6 5. c4 Nf6 6. Nc3 Bb4 7. f3 0-0 8. Nb3 d5 9. Bd2 dxe4 10. Nxe4 Nxe4 11. fxe4 Qh4+ 12. g3 Qxe4+ 13. Qe2 Bxd2+ 14. Nxd2 Qxh1 15. Nf3 e5 16. 0-0-0 Bg4 17. Bg2 Qxh2 18. Qf2 Qh6+ 19. Kb1 Nd4 20. Rh1 Qg6+ 21. Kc1 Qf5 22. Rf1 Bxf3 23. Bxf3 Nxf3 0-1

[Event "Arco op 35th"]
[Site "Arco"]
[Date "2013.10.18"]
[Round "7"]
[White "Sprea, Giuseppe"]
[Black "Knors, Rudi"]
[Result "0-1"]
[WhiteElo "1910"]
[BlackElo "2100"]
[PlyCount "110"]
[EventDate "2013.10.12"]
[EventType "swiss"]
[EventRounds "9"]
[EventCountry "ITA"]
[SourceTitle "EXT 2014"]
[Source "ChessBase"]
[SourceDate "2013.11.20"]
[SourceVersion "1"]
[SourceVersionDate "2013.11.20"]
[SourceQuality "1"]

1. d4 d5 2. Nf3 Nf6 3. c4 c6 4. e3 e6 5. b3 Bd6 6. Bd3 Nbd7 7. Bb2 0-0 8. Nbd2 Qe7 9. Ne5 Re8 10. 0-0 Nf8 11. Qc2 Ng6 12. Ndf3 Nd7 13. Nxd7 Bxd7 14. e4 Rac8 15. e5 Ba3 16. Bxa3 Qxa3 17. Bxg6 fxg6 18. c5 Qa5 19. b4 Qd8 20. h4 Rf8 21. Qd3 Qe7 22. a4 a6 23. Ra3 Rf4 24. g3 Rf5 25. Nh2 g5 26. hxg5 Qxg5 27. Nf3 Qg4 28. Nh2 Qg5 29. Qe3 Qe7 30. f4 g5 31. g4 Rxf4 32. Rxf4 gxf4 33. Qxf4 Rf8 34. Qg3 Be8 35. Rf3 Bg6 36. Rxf8+ Qxf8 37. Qf3 Qh6 38. Nf1 Be4 39. Qe3 Qh1+ 40. Kf2 Qg2+ 41. Ke1 Qxg4 42. Qg3 Qxg3+ 43. Nxg3 Bc2 44. a5 Bg6 45. Kf2 Kg7 46. Ne2 Bf5 47. Kg3 Kg6 48. Kh4 Bc2 49. Ng3 Bd1 50. Nf1 h6 51. Ne3 Be2 52. Kg3 Kg5 53. Ng2 h5 54. Kf2 Bg4 55. Ne3 Kf4 0-1

[Event "Arco op 35th"]
[Site "Arco"]
[Date "2013.10.12"]
[Round "1"]
[White "Sprea, Giuseppe"]
[Black "Kveinys, Aloyzas"]
[Result "0-1"]
[WhiteElo "1910"]
[BlackElo "2511"]
[PlyCount "54"]
[EventDate "2013.10.12"]
[EventType "swiss"]
[EventRounds "9"]
[EventCountry "ITA"]
[SourceTitle "CBM 156 Extra"]
[Source "ChessBase"]
[SourceDate "2013.10.22"]
[SourceVersion "1"]
[SourceVersionDate "2013.10.22"]
[SourceQuality "1"]

1. d4 Nf6 2. c4 e6 3. Nf3 d5 4. g3 dxc4 5. Bg2 a6 6. 0-0 Nc6 7. Nc3 Rb8 8. Qc2 Be7 9. Rd1 0-0 10. e4 b5 11. h3 Bb7 12. Be3 Nb4 13. Qb1 Nd3 14. Ne1 b4 15. Nxd3 bxc3 16. Nc5 cxb2 17. Qxb2 Bxe4 18. Qc3 Bxg2 19. Kxg2 Bxc5 20. dxc5 Nd5 21. Qd4 c3 22. Kg1 c2 23. Rdc1 Rb4 24. Qd2 Qf6 25. Bg5 Qg6 26. Rxc2 h6 27. Be3 Nxe3 0-1

[Event "Verona Province-ch"]
[Site "Zevio Verona"]
[Date "2013.01.25"]
[Round "4"]
[White "Brunelli, Giovanni"]
[Black "Sprea, Giuseppe"]
[Result "1/2-1/2"]
[WhiteElo "1971"]
[BlackElo "1947"]
[PlyCount "52"]
[EventDate "2013.01.12"]
[EventType "swiss"]
[EventRounds "6"]
[EventCountry "ITA"]
[SourceTitle "EXT 2024"]
[Source "ChessBase"]
[SourceDate "2023.10.10"]
[SourceVersion "1"]
[SourceVersionDate "2023.10.10"]
[SourceQuality "1"]

1. e4 c5 2. Nf3 Nc6 3. d4 cxd4 4. Nxd4 e6 5. Nc3 Qc7 6. Be2 a6 7. 0-0 Nf6 8. Be3 Bb4 9. Qd3 Ne5 10. Qd1 Bxc3 11. bxc3 Nc4 12. Bxc4 Qxc4 13. Qd3 d5 14. e5 Nd7 15. Bf4 Qxd3 16. cxd3 Nc5 17. Rfd1 Bd7 18. Nb3 Rc8 19. Rac1 Ba4 20. Nxc5 Rxc5 21. Rd2 d4 22. c4 0-0 23. Rb2 b5 24. cxb5 Rxc1+ 25. Bxc1 Rc8 26. Bd2 Bxb5 1/2-1/2

[Event "Basso Veronese op 5th"]
[Site "Casaleone"]
[Date "2012.05.??"]
[Round "6"]
[White "Bonini, Roberto"]
[Black "Sprea, Giuseppe"]
[Result "1-0"]
[WhiteElo "1877"]
[BlackElo "1955"]
[PlyCount "51"]
[EventDate "2012.05.19"]
[EventType "swiss"]
[EventRounds "6"]
[EventCountry "ITA"]
[SourceTitle "EXT 2014"]
[Source "ChessBase"]
[SourceDate "2013.11.20"]
[SourceVersion "1"]
[SourceVersionDate "2013.11.20"]
[SourceQuality "1"]

1. e4 c5 2. Nf3 Nc6 3. d4 cxd4 4. Nxd4 e6 5. Be3 Nf6 6. Bd3 Qc7 7. Nc3 a6 8. a3 Ne5 9. h3 b5 10. f4 Nc4 11. Bxc4 Qxc4 12. Qd3 Qxd3 13. cxd3 Bb7 14. Ke2 Be7 15. Nb3 Rc8 16. Rhc1 d6 17. Na5 Ba8 18. Nxb5 Kd7 19. Na7 Rxc1 20. Rxc1 Rb8 21. b4 Bf8 22. g4 h6 23. Nc4 Bb7 24. Na5 Ba8 25. a4 Ng8 26. b5 1-0

[Event "Basso Veronese op 5th"]
[Site "Casaleone"]
[Date "2012.05.??"]
[Round "3"]
[White "Fiscato, Claudio"]
[Black "Sprea, Giuseppe"]
[Result "0-1"]
[WhiteElo "1810"]
[BlackElo "1955"]
[PlyCount "74"]
[EventDate "2012.05.19"]
[EventType "swiss"]
[EventRounds "6"]
[EventCountry "ITA"]
[SourceTitle "EXT 2014"]
[Source "ChessBase"]
[SourceDate "2013.11.20"]
[SourceVersion "1"]
[SourceVersionDate "2013.11.20"]
[SourceQuality "1"]

1. c4 c5 2. Nc3 Nf6 3. g3 e6 4. Bg2 Be7 5. Nf3 d6 6. d3 Nc6 7. e3 0-0 8. 0-0 a6 9. b3 Rb8 10. a4 b6 11. Bb2 Bb7 12. d4 Nb4 13. Ba3 a5 14. Bxb4 axb4 15. Ne2 d5 16. Nd2 Qd6 17. dxc5 bxc5 18. Qc2 Rfd8 19. Rfd1 Qe5 20. Nf3 Qh5 21. Nf4 Qh6 22. h3 g5 23. Ne2 g4 24. hxg4 Nxg4 25. cxd5 exd5 26. Nf4 c4 27. Nd4 cxb3 28. Qxb3 Qh2+ 29. Kf1 Ba6+ 30. Nb5 Bf6 31. Rac1 d4 32. exd4 Bxd4 33. Rd2 Bc3 34. Re2 Bd2 35. Rc7 Nh6 36. Nd5 Rxb5 37. axb5 Bxb5 0-1

[Event "Arco op 32nd"]
[Site "Arco"]
[Date "2010.10.18"]
[Round "3"]
[White "Sprea, Giuseppe"]
[Black "Karl, Hans"]
[Result "0-1"]
[WhiteElo "1982"]
[BlackElo "2211"]
[PlyCount "79"]
[EventDate "2010.10.16"]
[EventType "swiss"]
[EventRounds "9"]
[EventCountry "ITA"]
[SourceTitle "CBM 138 Extra"]
[Source "ChessBase"]
[SourceDate "2010.10.29"]
[SourceVersion "1"]
[SourceVersionDate "2010.10.29"]
[SourceQuality "1"]

1. c4 e5 2. Nc3 d6 3. Nf3 Nf6 4. e3 c6 5. Qc2 Qc7 6. d4 Be7 7. Be2 Bg4 8. Ng5 Bxe2 9. Qxe2 Nbd7 10. dxe5 dxe5 11. 0-0 h6 12. Nge4 0-0 13. b3 Nxe4 14. Nxe4 f5 15. Nc3 e4 16. Bb2 Ne5 17. f3 exf3 18. gxf3 Rad8 19. Rad1 Rxd1 20. Rxd1 Rd8 21. Rxd8+ Qxd8 22. Nd5 Bd6 23. Bxe5 Bxe5 24. Nf4 Bxf4 25. exf4 Qd4+ 26. Kg2 Qxf4 27. Qe8+ Kh7 28. Qe2 a5 29. a4 Qg5+ 30. Kh1 h5 31. Qe5 h4 32. h3 g6 33. Qc7+ Kh6 34. Qb8 Qc1+ 35. Kg2 Qd2+ 36. Kg1 Kg5 37. f4+ Qxf4 38. Qd8+ Kh5 39. Qh8+ Qh6 40. Kf1 0-1

[Event "Arco op 32nd"]
[Site "Arco"]
[Date "2010.10.17"]
[Round "2"]
[White "Bottesi, Gianluca"]
[Black "Sprea, Giuseppe"]
[Result "0-1"]
[WhiteElo "1704"]
[BlackElo "1982"]
[PlyCount "100"]
[EventDate "2010.10.16"]
[EventType "swiss"]
[EventRounds "9"]
[EventCountry "ITA"]
[SourceTitle "EXT 2024"]
[Source "ChessBase"]
[SourceDate "2023.10.10"]
[SourceVersion "1"]
[SourceVersionDate "2023.10.10"]
[SourceQuality "1"]

1. d4 Nf6 2. c4 e6 3. Nc3 Bb4 4. Qc2 c5 5. e3 b6 6. Bd2 Bb7 7. f3 cxd4 8. exd4 0-0 9. Bd3 Nc6 10. Nge2 Rc8 11. a3 Be7 12. 0-0 h6 13. Be3 d5 14. Qd2 Na5 15. Bxh6 Nxc4 16. Qg5 Ne8 17. Qh5 f5 18. Nf4 Qd7 19. Rae1 Rc6 20. Ng6 Rf6 21. Bg5 Rxg6 22. Qxg6 Bxg5 23. Qxg5 Nxb2 24. Qd2 Nxd3 25. Qxd3 Qc8 26. Nb5 Ba6 27. Nxa7 Bxd3 28. Nxc8 Rxc8 29. Rc1 Rxc1 30. Rxc1 Bc4 31. Kf2 Nd6 32. Ke3 Kf7 33. g4 g5 34. f4 gxf4+ 35. Kxf4 fxg4 36. a4 Bb3 37. Ke5 Nc4+ 38. Kf4 Bxa4 39. Kxg4 Nd6 40. Kg5 Nf5 41. Rf1 Bc2 42. h4 Kg7 43. Rf4 b5 44. h5 b4 45. Rg4 b3 46. Kf4+ Kh7 47. Ke5 b2 48. Rg1 b1Q 49. Rxb1 Bxb1 50. Kxe6 Be4 0-1

[Event "Arco op 32nd"]
[Site "Arco"]
[Date "2010.10.16"]
[Round "1"]
[White "Sprea, Giuseppe"]
[Black "Tovazzi, Maurizio"]
[Result "1/2-1/2"]
[WhiteElo "1982"]
[BlackElo "1739"]
[PlyCount "89"]
[EventDate "2010.10.16"]
[EventType "swiss"]
[EventRounds "9"]
[EventCountry "ITA"]
[SourceTitle "EXT 2024"]
[Source "ChessBase"]
[SourceDate "2023.10.10"]
[SourceVersion "1"]
[SourceVersionDate "2023.10.10"]
[SourceQuality "1"]

1. c4 Nf6 2. Nf3 g6 3. Nc3 Bg7 4. e4 0-0 5. Be2 d6 6. d4 c6 7. 0-0 Nbd7 8. Ne1 e5 9. Be3 Re8 10. d5 Nb6 11. Rc1 c5 12. Rb1 Nbd7 13. Qd2 a6 14. a3 b6 15. Bg5 Qc7 16. Nd3 Kh8 17. Bh6 Bxh6 18. Qxh6 Ng8 19. Qd2 Ndf6 20. Rfd1 Kg7 21. Rdc1 Nh6 22. b4 Bd7 23. f3 Nhg8 24. g4 Qd8 25. Rb2 h6 26. bxc5 bxc5 27. Rcb1 Re7 28. Rb6 Be8 29. Qb2 Rea7 30. Bd1 Kf8 31. Ba4 Ke7 32. Bxe8 Nxe8 33. a4 Ngf6 34. a5 Nd7 35. Na4 g5 36. Rb7 Rxb7 37. Qxb7 Rb8 38. Qxb8 Nxb8 39. Rb7+ Kf6 40. Nb6 Kg6 41. Nb2 Nf6 42. N2a4 h5 43. h3 hxg4 44. hxg4 Qh8 45. Kg2 1/2-1/2

[Event "Arco op 31st"]
[Site "Arco"]
[Date "2009.10.21"]
[Round "6"]
[White "Sprea, Giuseppe"]
[Black "Nania, Alberto"]
[Result "1-0"]
[WhiteElo "2018"]
[BlackElo "1704"]
[PlyCount "83"]
[EventDate "2009.10.17"]
[EventType "swiss"]
[EventRounds "9"]
[EventCountry "ITA"]
[SourceTitle "EXT 2010"]
[Source "ChessBase"]
[SourceDate "2010.11.25"]
[SourceVersion "1"]
[SourceVersionDate "2010.11.25"]
[SourceQuality "1"]

1. d4 Nf6 2. c4 g6 3. Nc3 Bg7 4. e4 d6 5. Nf3 0-0 6. Be2 e5 7. 0-0 Nc6 8. d5 Ne7 9. Ne1 Ne8 10. Be3 f5 11. f3 f4 12. Bf2 g5 13. b4 Ng6 14. c5 Rf7 15. cxd6 cxd6 16. Rc1 Bf8 17. a4 h5 18. Nb5 Nf6 19. Bxa7 g4 20. a5 g3 21. Bb6 Qe7 22. Nc7 Nd7 23. Nxa8 Qh4 24. h3 Nc5 25. Bb5 Bxh3 26. gxh3 Qxh3 27. Rc2 Nh4 28. bxc5 Rg7 29. Qe2 dxc5 30. Bc4 Bd6 31. Bd8 Ng6 32. Nb6 h4 33. Qg2 Qxg2+ 34. Kxg2 Rh7 35. Rh1 Kf7 36. Nc8 Bf8 37. d6+ Ke8 38. Bc7 Rxc7 39. dxc7 Kd7 40. Be6+ Kxc7 41. Nd3 Kc6 42. Bf5 1-0

[Event "Arco op 31st"]
[Site "Arco"]
[Date "2009.10.19"]
[Round "3"]
[White "Koenig, Joel"]
[Black "Sprea, Giuseppe"]
[Result "1/2-1/2"]
[WhiteElo "1884"]
[BlackElo "2018"]
[PlyCount "50"]
[EventDate "2009.10.17"]
[EventType "swiss"]
[EventRounds "9"]
[EventCountry "ITA"]
[SourceTitle "EXT 2010"]
[Source "ChessBase"]
[SourceDate "2010.11.25"]
[SourceVersion "1"]
[SourceVersionDate "2010.11.25"]
[SourceQuality "1"]

1. Nc3 d5 2. d4 Bf5 3. Nf3 e6 4. Bf4 a6 5. e3 Nf6 6. Bd3 Bxd3 7. Qxd3 Be7 8. 0-0 Nbd7 9. e4 dxe4 10. Nxe4 0-0 11. c4 c5 12. Rad1 Qb6 13. Bg5 cxd4 14. Nxf6+ Bxf6 15. Bxf6 Nxf6 16. Qxd4 Qxd4 17. Rxd4 Rfd8 18. Rfd1 Rxd4 19. Rxd4 Kf8 20. Kf1 Ke8 21. Ne5 Rc8 22. Ke2 Rc5 23. f4 Rc7 24. Kd3 h5 25. h3 Nd7 1/2-1/2

[Event "Arco op 27th"]
[Site "Arco"]
[Date "2005.10.28"]
[Round "7"]
[White "Sprea, Giuseppe"]
[Black "Cazzaniga, Walter"]
[Result "1/2-1/2"]
[WhiteElo "2018"]
[BlackElo "2104"]
[PlyCount "87"]
[EventDate "2005.10.22"]
[EventType "swiss"]
[EventRounds "9"]
[EventCountry "ITA"]
[SourceTitle "EXT 2006"]
[Source "ChessBase"]
[SourceDate "2005.11.24"]
[SourceVersion "1"]
[SourceVersionDate "2005.11.24"]
[SourceQuality "1"]

1. c4 Nf6 2. Nc3 g6 3. g3 Bg7 4. Bg2 0-0 5. Nf3 c5 6. 0-0 Nc6 7. d4 cxd4 8. Nxd4 Ng4 9. Nxc6 dxc6 10. h3 Qxd1 11. Rxd1 Ne5 12. c5 Nc4 13. Na4 Bf5 14. e4 Be6 15. Rb1 Rad8 16. Bg5 Rfe8 17. b3 Na3 18. Rxd8 Rxd8 19. Rc1 h6 20. Be3 Nb5 21. Kf1 f5 22. h4 Kf7 23. Ke1 fxe4 24. Bxe4 Bf5 25. Bg2 Na3 26. Bd2 Bb1 27. Nc3 Bd3 28. Be4 Bxe4 29. Nxe4 Nb5 30. Rd1 Nd4 31. Ba5 Nf3+ 32. Ke2 Nd4+ 33. Kf1 Rd7 34. Bc3 e5 35. Nd6+ Ke6 36. f4 Nb5 37. Bxe5 Bxe5 38. fxe5 Kxe5 39. Nc4+ Ke6 40. Rxd7 Kxd7 41. Ne5+ Ke6 42. Nxg6 Nc3 43. g4 Nxa2 44. Nf4+ 1/2-1/2